Manual de derecho privado. Tomo III /

Guardado en:
Autor Principal: Kemelmajer de Carlucci, Aida
Otros Autores: Boretto, Mauricio
Formato: Desconocido
Idioma:Spanish
Publicado: Buenos Aires : Eudeba, 2018.
Edición:1a. ed.
Series:Manuales de derecho
Materias:
Etiquetas: Agregar Etiqueta
Sin Etiquetas, Sea el primero en etiquetar este registro!
LEADER 00643nac a22001935a 4500
001 DER.der013865
008 190618i2018####ag#||||||||||||||#||spa||
005 20251217114025.0
245 1 0 |a Manual de derecho privado.  |p Tomo III /  |c Aida Kemelmajer de Carlucci, Mauricio Boretto. 
250 |a 1a. ed. 
260 |a Buenos Aires :  |b Eudeba,  |c 2018. 
300 |a 254 p. 
490 1 |a Manuales de derecho 
020 |a 9789502327051 
100 1 |a Kemelmajer de Carlucci, Aida 
700 1 |a Boretto, Mauricio 
650 7 |a DERECHO PRIVADO 
859 |a DERECHO  |b BIB. DERECHO  |h 346  |i KEM  |p 008959  |3 Tomo III 
859 |a DERECHO  |b BIB. DERECHO  |h 346  |i KEM  |p 008961  |t 1  |3 Tomo III